Duke Mathematical Journal

Saved in:
Bibliographic Details
Format: Serial
Language:English
Published: Durham Duke Univ. Press
Tags: Add Tag
No Tags, Be the first to tag this record!

MARC

LEADER 00000nas1a2200000 4500
001 0010705
005 20250730114819.7
022 |a 0012-7094 
022 |a 1547-7398 
041 0 |a eng 
044 |a US 
245 1 0 |a Duke Mathematical Journal 
264 1 |a Durham  |b Duke Univ. Press